000 00605 a2200181 4500
999 _c7772
_d7772
020 _a9780749461683
050 _aHF 5549.5 ARM 2011
100 _aArmstrong, Michael
_eauthor
245 _aThe reward management toolkit :
_ba step-by-step guide to designing and delivering pay and benefits/
_cMichael Armstrong & Ann Cummins
264 _aLondon :
_bKogan Page
_c2010
300 _axi; 228p. :
_bill.
500 _aText
650 _aCompensation management
650 _aIncentives in industry.
650 _aEmployee motivation.
700 _aCunnings, Ann
_eauthor
942 _2lcc
_cBK
_h5549.5
_iARM
_kHF